000 00554cam a2200193 a 4500
001 000010033
005 20200929161818.0
008 880624s1987 cu f001 p spa c
040 _aDO-SdBNP
_bspa
_cLC
_dBNPHU
082 _ann*
_bV145d
100 1 _aValdés, José Irene,
_d1911-
_924992
245 1 0 _aDe la bandurria a la pluma /
_cJosé Irene Valdés.
260 _aLa Habana :
_bLetras Cubanas,
_c1987.
300 _a97 p. ;
_c18 cm.
490 1 _aGiraldilla
830 0 _aGiraldilla
_98904
910 _aCatalogación por copia / LC
049 _aBNGR
999 _c9792
_d9792